Exchange rates and prices: Evidence from the 2015 Swiss franc appreciation (Record no. 517955)

000 -LEADER
fixed length control field 01229nam a22001577a 4500
008 - FIXED-LENGTH DATA ELEMENTS--GENERAL INFORMATION
fixed length control field 210806b ||||| |||| 00| 0 eng d
100 ## - MAIN ENTRY--PERSONAL NAME
Personal name Auer, R., Burstein, A. and Lein, S.M.
245 ## - TITLE STATEMENT
Title Exchange rates and prices: Evidence from the 2015 Swiss franc appreciation
260 ## - PUBLICATION, DISTRIBUTION, ETC. (IMPRINT)
Place of publication, distribution, etc The American Economic Review
300 ## - PHYSICAL DESCRIPTION
Extent 3(2), Feb, 2021: p.652-686
520 ## - SUMMARY, ETC.
Summary, etc We dissect the impact of a large and sudden exchange rate appreciation on Swiss border import prices, retail prices, and consumer expenditures on domestic and imported nondurable goods, following the removal of the EUR/CHF floor in January 2015. Cross-sectional variation in border price changes by currency of invoicing carries over to consumer prices and allocations, impacting retail prices of imports and competing domestic goods, as well as import expenditures. We provide measures of the sensitivity of retail import prices to border prices and the sensitivity of import shares to relative prices, which is higher when using retail prices than border prices. – Reproduced
650 ## - SUBJECT ADDED ENTRY--TOPICAL TERM
Topical term or geographic name as entry element Consumption; Saving; Wealth, Price Level; Inflation; Deflation
9 (RLIN) 28335
773 ## - HOST ITEM ENTRY
Main entry heading The American Economic Review
906 ## - LOCAL DATA ELEMENT F, LDF (RLIN)
Subject DIP CONSUMPTION
942 ## - ADDED ENTRY ELEMENTS (KOHA)
Item type Articles
Holdings
Withdrawn status Lost status Source of classification or shelving scheme Damaged status Not for loan Permanent location Current location Date acquired Serial Enumeration / chronology Barcode Date last seen Koha item type
          Indian Institute of Public Administration Indian Institute of Public Administration 2021-08-06 3(2), Feb, 2021: p.652-686 AR125177 2021-08-06 Articles

Powered by Koha